Statistics for Yiruma Discography

Click here to take the quiz!

General Stats

  • This quiz has been taken 2 times
  • The average score is 7 of 20

Answer Stats

Type Year Name % Correct
Album2001First Love
100%
Album2015Piano
100%
Album2017Frame
50%
Album2013Blind Film
50%
Album2013Healing Piano
50%
Album2012Stay in Memory
50%
Album2008P.N.O.N.I.
50%
Album2006H.I.S. Monologue
50%
Album2005Poemusic
50%
Album2003From the Yellow Room
50%
Soundtrack2002Doggy Poo OST
50%
Soundtrack2002Oasis and Yiruma
50%
Live Album2005Yiruma: Live at HOAM Art Hall
0%
Album2005Destiny of Love
0%
Compilation2004Piano Museum
0%
Compilation2009Missing You
0%
Box Set2010Ribbonized
0%
Album2004Nocturnal Lights... They Scatter
0%
Album2014Atmosfera - Yiruma Special Album
0%
Album2001Love Scene
0%

Score Distribution

Percentile by Number Answered

Percent of People with Each Score

Your Score History

You have not taken this quiz